|
|
|
|
| LEADER |
00000nam a2200000 a 4500 |
| 001 |
UCQ6220 |
| 003 |
CL-VaPUC |
| 008 |
981009e19090000UK |||||||||||||||||spa|d |
| 082 |
0 |
4 |
|a 821.09
|b BRA
|2 21
|
| 100 |
0 |
|
|a Bradley, A. C
|e author
|9 420117
|
| 245 |
1 |
0 |
|a Oxford lectures on poetry
|
| 300 |
|
|
|a 395 p
|
| 942 |
|
|
|c BK
|
| 945 |
|
|
|d 19981009 00:00:00
|a crobeson
|
| 260 |
|
|
|a Londres
|b Macmillan
|c 1909
|
| 650 |
|
0 |
|a Poesía inglesa
|9 264944
|
| 650 |
|
0 |
|a Literatura inglesa
|9 312907
|
| 650 |
|
0 |
|a Historia y crítica
|9 257407
|
| 583 |
|
|
|a last modification
|c 19981009 00:00:00
|k Rodrigo Vera
|
| 999 |
|
|
|c 276222
|d 276220
|
| 952 |
|
|
|0 0
|1 0
|4 0
|6 821_090000000000000_BRA_1909
|7 0
|8 A
|9 313371
|a BIBEDU
|b BIBEDU
|d 2019-11-20
|i 1477072
|o 821.09 BRA 1909
|p 1477072
|r 2019-11-20
|w 2019-11-20
|y BK
|k LIT
|